| 000 | 00723nam a2200229 a 4500 | ||
|---|---|---|---|
| 001 | 2226 | ||
| 005 | 20221127090403.0 | ||
| 008 | 100919s lxxua | 00100|eng d | ||
| 020 |
_a0071247092 : _cSR214.00 |
||
| 035 | _a349 | ||
| 082 | 0 | 4 |
_a658.8342 _bAr66 2005 |
| 100 | 1 | _aArnould, Eric. | |
| 245 | 1 | 0 |
_aConsumers / _cEric Arnould, Linda Price, George Zinkhan. |
| 250 | _a2nd ed., international. | ||
| 260 |
_aBoston, Mass. : _bMcGraw-Hill, _c2005. |
||
| 300 |
_axxv, 845, [22] p. : _bill. ; _c26 cm. |
||
| 440 | 0 | _aMcGraw-Hill/Irwin series in marketing. | |
| 504 | _aIncludes bibl. references and index. | ||
| 650 | 4 | _aConsumer behavior. | |
| 700 | 1 |
_aPrice, Linda, _ejt. auth. |
|
| 700 | 1 |
_aZinkhan, George, _ejt. auth. |
|
| 999 |
_c2224 _d2224 |
||